Juan Prim y Prats (1814-1870) : (Record no. 184730)
[ view plain ]
| 000 -LEADER | |
|---|---|
| campo de control de longitud fija | 01345nam a2200313 i 4500 |
| 001 - NÚMERO DE CONTROL | |
| campo de control | 184730 |
| 003 - IDENTIFICADOR DE NÚMERO DE CONTROL | |
| campo de control | ES-MaACL |
| 005 - FECHA Y HORA DE LA ÚLTIMA TRANSACCIÓN | |
| campo de control | 20251203063034.0 |
| 008 - DATOS DE LONGITUD FIJA--INFORMACIÓN GENERAL | |
| campo de control de longitud fija | 151120s2012 sp ach |||| |dspa d |
| 020 ## - NÚMERO INTERNACIONAL ESTÁNDAR DEL LIBRO | |
| Número Internacional Estándar del Libro | 978-84-7943-445-8 |
| 080 ## - NÚMERO DE LA CLASIFICACIÓN DECIMAL UNIVERSAL | |
| Número de la Clasificación Decimal Universal | 929 Prim, Juan |
| 080 ## - NÚMERO DE LA CLASIFICACIÓN DECIMAL UNIVERSAL | |
| Número de la Clasificación Decimal Universal | 94(460)"1833/76" |
| 100 1# - ENTRADA PRINCIPAL--NOMBRE DE PERSONA | |
| Nombre de persona | Prim, Juan, |
| Fechas asociadas al nombre | 1814-1870 |
| 9 (RLIN) | 242561 |
| 245 10 - MENCIÓN DEL TÍTULO | |
| Título | Juan Prim y Prats (1814-1870) : |
| Resto del título | discursos parlamentarios / |
| Mención de responsabilidad, etc. | [coordinadora, María José Rubio]. |
| 260 ## - PUBLICACIÓN, DISTRIBUCIÓN, ETC. | |
| Lugar de publicación, distribución, etc. | Madrid : |
| Nombre del editor, distribuidor, etc. | Congreso de los Diputados, Departamento de Publicaciones, |
| Fecha de publicación, distribución, etc. | [2012] |
| 300 ## - DESCRIPCIÓN FÍSICA | |
| Extensión | 770 p. : |
| Otras características físicas | il. col., retr. ; |
| Dimensiones | 23 cm. |
| 490 1# - MENCIÓN DE SERIE | |
| Mención de serie | Biografías de parlamentarios ; |
| Designación de volumen o secuencia | 5 |
| 505 8# - NOTA DE CONTENIDO CON FORMATO | |
| Nota de contenido con formato | Contiene: ; |
| Título | Antología de los discursos parlamentarios de Juan Prim y Prats / |
| Mención de responsabilidad | selección realizada por Emilio de Diego García |
| 600 14 - PUNTO DE ACCESO ADICIONAL DE MATERIA--NOMBRE DE PERSONA | |
| Nombre de persona | Prim, Juan, |
| Fechas asociadas al nombre | 1814-1870 |
| 9 (RLIN) | 242561 |
| 651 #7 - PUNTO DE ACCESO ADICIONAL DE MATERIA--NOMBRE GEOGRÁFICO | |
| Nombre geográfico | España- |
| Subdivisión general | Historia- |
| Subdivisión cronológica | 1833-1876, Guerras carlistas. |
| 9 (RLIN) | 8253 |
| 700 1# - ENTRADA AGREGADA--NOMBRE PERSONAL | |
| Nombre de persona | Rubio, María José, |
| Fechas asociadas al nombre | 1965- |
| 9 (RLIN) | 146322 |
| 700 1# - ENTRADA AGREGADA--NOMBRE PERSONAL | |
| Nombre de persona | Diego García, Emilio de. |
| 9 (RLIN) | 44564 |
| 710 1# - ENTRADA AGREGADA--NOMBRE DE ENTIDAD CORPORATIVA | |
| Nombre de entidad corporativa o nombre de jurisdicción como elemento de entrada | España. |
| Unidad subordinada | Cortes Generales. |
| -- | Congreso. |
| 9 (RLIN) | 3671 |
| 740 02 - ENTRADA AGREGADA--TÍTULO RELACIONADO/ANALÍTICO NO CONTROLADO | |
| Título relacionado o analítico no controlado | Antología de los discursos parlamentarios de Juan Prim y Prats. |
| 830 0# - PUNTO DE ACCESO ADICIONAL DE SERIE-TÍTULO UNIFORME | |
| Título uniforme | Biografías de parlamentarios ; |
| Designación de volumen o secuencia | 5 |
| 9 (RLIN) | 225122 |
| 852 ## - LOCALIZACIÓN | |
| Ubicación | ES-MaACL |
| Número de control de estantería | A-13635 |
| itemnumber | 191741 |
| Sublocalización o colección | R.150933 |
| Ubicación en estantería | Depósito 1 |
| Signatura antigua | Olim: N-6635 |
| 942 ## - ELEMENTOS DE ENTRADA SECUNDARIOS (KOHA) | |
| Fuente del sistema de clasificación o colocación | Clasificación decimal universal |
| Estatus retirado | Estado de pérdida | Fuente del sistema de clasificación o colocación | Estado de daño | No para préstamo | Biblioteca de origen | Biblioteca actual | Ubicación en estantería | Fecha de adquisición | Fuente de adquisición | Total de préstamos | Signatura topográfica completa | Código de barras | Visto por última vez | Precio de reemplazo | Tipo de ítem Koha |
|---|---|---|---|---|---|---|---|---|---|---|---|---|---|---|---|
| Clasificación decimal universal | Biblioteca del Ateneo de Madrid | Biblioteca del Ateneo de Madrid | Depósito 1 | 20/11/2015 | Donación | A-13635 | 1194511 | 23/02/2023 | 23/02/2023 | Libro impreso |
